Guia (Record no. 143511)

MARC details
000 -LÍDER
campo de controle de tamanho fixo 00523 a2200169 4500
001 - NÚMERO DE CONTROLE
campo de controle 143511
040 ## - FONTE DA CATALOGAÇÃO
Instituição que transcreveu o registro Leonardo Da Vinci
041 ## - CÓDIGO DE IDIOMA
Código do idioma do texto/trilha sonora ou título diferente Português
082 ## - CDD - CLASSIFICAÇÃO DECIMAL DE DEWEY
Número de Classificação 001.42 G971
Número do exemplar G971
245 ## - TÍTULO
Título Guia
Restante do título para a elaboração de dissertações e teses
260 ## - PUBLICAÇÃO, DISTRIBUIÇÃO, ETC.
Nome do editor, distribuidor, etc. IPEN
Data da publicação, distribuição, etc. 2002
Local de publicação, distribuição, etc. São Paulo
300 ## - DESCRIÇÃO FÍSICA
Extensão 93
362 ## - DATAS DE PUBLICAÇÃO E/OU DESIGNAÇÃO SEQUENCIAL
Datas de publicação e/ou designação sequencial 20020000
500 ## - NOTA GERAL
Nota geral Orgazação de Mery P. Zamudio Igami e Lia Maria CArlitti Zaepelon
697 ## - ENTRADA DE ASSUNTO LOCAL--ENTIDADE COLETIVA (RLIN)
Nome corporativo ou nome da jurisdição Dissertaçoes
-- Trabalho científico
-- Sumário
-- Elaboração de referências
-- FIPEN
942 ## - ELEMENTOS DE ENTRADA ADICIONADOS (KOHA)
Tipo de material Koha Livros
Holdings
Situação do descarte Situação das perdas Situação física Não pode ser emprestado Biblioteca de origem Biblioteca atual Data de aquisição Total de empréstimos Número de chamada completo Código de barras Data de último acesso Data do preço efetivo Tipo de material Koha
        Leonardo Da Vinci - Osasco Leonardo Da Vinci - Osasco 27/03/2024   001.42 G971 O011581 27/03/2024 27/03/2024 Livros